000 00220nam a22000857a 4500
008 170327b xxu||||| |||| 00| 0 eng d
100 _93040
_aMisra.M.
245 _aManual on Social Science-VIII
260 _aNew Delhi
_bAPC
_c2010
999 _c6294
_d6294